01444nam a2200385Ia 4500001001200000003000800012006001900020007001500039008004100054010001700095020001800112020001800130020001500148020001500163040002100178035002100199050002300220082001900243100002900262245008800291260006400379300001100443490004900454504006500503533015200568600002400720650003200744650001900776655002900795700002400824710001700848830005000865856012600915999001701041ebr10567041CaPaEBRm u cr cn|||||||||990511s1999 enk sb 001 0 eng d z 99071212  z9780803975750 z9781446265284 z0803975740 z0803975759 aCaPaEBRcCaPaEBR a(OCoLC)79783567314aRC495b.Z45 1999eb04a616.89/1622211 aZeig, Jeffrey K.,d1947-10aMilton H. Ericksonh[electronic resource] /cJeffrey K. Zeig and W. Michael Munion. aLondon ;aThousand Oaks, Calif :bSage Publications,c1999. a147 p.1 aKey figures in counselling and psychotherapy aIncludes bibliographical references (p.[126]-137) and index. aElectronic reproduction.bPalo Alto, Calif. :cebrary,d2013.nAvailable via World Wide Web.nAccess may be limited to ebrary affiliated libraries.10aErickson, Milton H. 0aHypnotismxTherapeutic use. 0aPsychotherapy. 7aElectronic books.2local1 aMunion, W. Michael.2 aebrary, Inc. 0aKey figures in counselling and psychotherapy.40uhttp://site.ebrary.com/lib/rucke/Doc?id=10567041zAn electronic book accessible through the World Wide Web; click to view c93169d93169